01882nac a22004211u 4500999001500000003000900015005001700024008004100041020002600082020001500108020001800123040004300141082002300184100004100207245014700248264005200395300003000447336002600477337002800503338002700531490008100558504005100639650006400690650003600754650007400790650006100864650005800925650004400983650004301027650003401070651001001104653002201114655002401136856008601160856007401246942002701320952011301347 c3419d3419EG-ScBUE20210508094028.0200219s1996 enk f b 001 0 eng d a0521554551 (hardback) a052102742X a9780521027427 aEG-ScBUEbengerdacEG-ScBUEdEG-ScBUE04a821.50936bFUL2221 aFulford, Tim,‏ d1962-eauthor.10aLandscape, liberty and authority :bpoetry, criticism and politics from Thomson to Wordsworth /cTim Fulford, The Nottingham Trent University. 1aCambridge :bCambridge University Press,c1996. axiii, 251 pages ;c24 cm. 2rdacontentatextbtxt 2rdamediaaunmediatedbn 2rdacarrieravolumebnc0 aCambridge studies in eighteenth century English literature and thought ;v30 aIncludes bibliographical references and index. 7aEnglish poetryy18th centuryxHistory and criticism.2BUEsh 7aLandscape in literature.2BUEsh 7aPolitics and literaturezGreat BritainxHistoryy18th century.2BUEsh 7aPolitical poetry, EnglishxHistory and criticism.2BUEsh 7aDescription (Rhetoric)xHistoryy18th century.2BUEsh 7aPicturesque, The, in literature.2BUEsh 7aAuthority in literature.2BUEsh927561 7aLiberty in literature.2BUEsh 2BUEsh bHHUUEENNcMay2021 vReading book934232423Publisher descriptionuhttp://www.loc.gov/catdir/description/cam027/95040538.html423Table of contentsuhttp://www.loc.gov/catdir/toc/cam024/95040538.html cBBk821.50936F9562ddc 00102ddc4070aMAINbMAINc2NDd2010-04-07ePurchasel0o821.50936 FULp000030626r2025-07-15 00:00:00yBB